Využitie nástrojov Business Intelligence pri spracovaní marketingových dát diplomová práca

Saved in:
Bibliographic Details
Main Author: Gašparíková, Lucia
Corporate Author: Obchodná fakulta EU. Katedra marketingu
Other Authors: Červenka, Peter, 1976-
Format: Book
Language:Slovak
Published: Bratislava 2025
Tags: Add Tag
No Tags, Be the first to tag this record!

MARC

LEADER 00000nbm a2200000 4500
001 0310360
005 20251104082929.3
041 0 |a slo 
044 |a SK 
245 1 0 |a Využitie nástrojov Business Intelligence pri spracovaní marketingových dát  |b diplomová práca  |c Lucia Gašparíková ; školiteľ: Peter Červenka 
264 1 |a Bratislava  |c 2025 
300 |a 65 s. 
100 1 |a Gašparíková, Lucia 
700 1 |a Červenka, Peter, 1976- 
710 2 |a Obchodná fakulta EU. Katedra marketingu